| 000 | 00371nam a2200145Ia 4500 | ||
|---|---|---|---|
| 005 | 20251222141808.0 | ||
| 008 | 251222s9999||||xx |||||||||||||| ||spa|| | ||
| 020 | _a9972530426 | ||
| 082 | _a985.033/Ñ94 | ||
| 100 | _aNúñez, Estuardo | ||
| 245 | 0 | _aAlexander Von Humboldt en el Perú | |
| 250 | _a1ra.ed. | ||
| 264 | _bBanco Central de Reserva del Perú | ||
| 942 | _cLIB | ||
| 999 |
_c6372 _d6372 |
||